| 000 | 00494nam a2200157 i 4500 | ||
|---|---|---|---|
| 001 | 50624 | ||
| 003 | ES-MaACL | ||
| 005 | 20230906162218.0 | ||
| 007 | t| | ||
| 008 | 030805s1972 sp ||||1| spa d | ||
| 100 | 1 |
_aChacón Peña, José Rafael. _937769 |
|
| 245 | 1 | 0 |
_aElectroforesis de las proteinas solubles del cerebro de conejo / _cpor José Rafael Chacón Peña. |
| 260 |
_aSevilla : _bUniversidad de Sevilla, _c1972. |
||
| 300 |
_a79 p. ; _c24 cm. |
||
| 852 |
_aES-MaACL _jC-43056 _bR.81496 |
||
| 999 |
_c50624 _d50624 |
||